| 000 | 01413nam a2200253Ia 4500 | ||
|---|---|---|---|
| 003 | Ost | ||
| 005 | 20260507075338.0 | ||
| 008 | 260507s9999||||xx |||||||||||||| ||und|| | ||
| 020 | _a9789957722935 | ||
| 040 | _cfsecg | ||
| 041 | _aara | ||
| 082 | _a330 | ||
| 100 |
_aالعزاوي، نجم عبد الله _eمؤلف |
||
| 245 | 0 |
_aالوظائف الاستراتيجية في إدارة الموارد البشرية / _c نجم عبد الله العزاوي |
|
| 260 |
_aعمان: _bاليازوري للنشر والتوزيع, _c2010 |
||
| 300 |
_a543 صفحة؛ _bإيضاحات ؛ _c25 سم |
||
| 520 | _aتحليل الوظائف و تصميمها و تخطيط الموارد البشرية ، استقطاب و اختيار و تعيين التوظيف ، الأجور و الرواتب و التدريب و تقييم الوظائف ، التحفيز و الرضا الوظيفي و تقييم الأداء ، المناخ و الولاء التنظيمي و صيانة الموظف ، العلاوة و الترقية و النقل و أخيرا انتهاء خدمة الموظف و احالته على التقاعد | ||
| 653 | _aإدارة الموارد البشرية | ||
| 653 | _aالقوى العاملة | ||
| 653 | _aالموارد البشرية | ||
| 653 | _aلإدارة الأفراد | ||
| 700 |
_aحسين، جواد عباس _eمؤلف ثانوي |
||
| 942 | _cكتاب | ||
| 999 |
_c44071 _d44071 |
||